El Inchi : (Registro nro. 308)
[ vista simple ]
| 000 -CABECERA | |
|---|---|
| Campo de control | 00941nam a2200277 a 4500 |
| 005 - FECHA Y HORA DE LA ULTIMA TRANSACCION | |
| Campo de control | 20191224041522.0 |
| 008 - ELEMENTOS DE LONGITUD FIJA—INFORMACION GENERAL | |
| Campo de control | 140220b1992 ck ||||| |||| 00| 0 spa d |
| 020 ## - ISBN | |
| ISBN | 958920600X |
| 040 ## - FUENTE DE CATALOGACIÓN | |
| Agencia catalogadora original | CO-BoIAVH |
| Agencia transcriptora | CO-BoIAVH |
| 041 ## - IDIOMA | |
| Código de idioma para texto/pista de sonido o título separado | Español |
| 044 ## - PAÍS DE PUBLICACIÓN | |
| País de publicación | Colombia |
| 082 14 - NUMERO DE CLASIFICACION DECIMAL DEWEY | |
| Número de clasificación | 571.32 |
| Número del ítem | J61i |
| 100 1# - ASIENTO PRINCIPAL--NOMBRE PERSONAL | |
| Nombre personal | Jiménez Bulla, Luis Carlos |
| 9 (RLIN) | 7273 |
| 245 13 - MENCION DE TITULO | |
| Título | El Inchi : |
| Parte restante del título | Caryodendron orinocense Karsten (Euphorbiaceae). |
| 246 ## - FORMA VARIANTE DEL TITULO | |
| Título propiamente dicho/forma breve del título | El Inchi : |
| Parte restante del título | Caryodendron orinocense Karsten (Euphorbiaceae). la oleaginosa más promisoria de la subregión andina |
| 250 ## - MENCION DE EDICION | |
| Mención de edición | 2 edición. |
| 260 ## - PUBLICACION, DISTRIBUCION, ETC. (PIE DE IMPRENTA) | |
| Lugar de publicación, distribución, etc. | Bogot: |
| Nombre del editor, distribuidor, etc. | SECAB, |
| Fecha de publicación, distribución, etc. | 1992. |
| 300 ## - DESCRIPCION FISICA | |
| Extensión | 429 páginas. |
| Otros detalles físicos | ilustaciones a color |
| 490 ## - MENCION DE SERIE | |
| Mención de serie | Monografía |
| Designación numérica/secuencial del volumen | 1 |
| 650 14 - ASIENTO SECUNDARIO DE MATERIA - TERMINO TEMATICO | |
| Término temático o nombre geográfico como elemento de entrada | Plantas útiles |
| Subdivisión geográfica | Andes (Región) |
| 9 (RLIN) | 57241 |
| 650 14 - ASIENTO SECUNDARIO DE MATERIA - TERMINO TEMATICO | |
| Término temático o nombre geográfico como elemento de entrada | Inchi |
| 9 (RLIN) | 11607 |
| 650 14 - ASIENTO SECUNDARIO DE MATERIA - TERMINO TEMATICO | |
| Término temático o nombre geográfico como elemento de entrada | carydendron orinocence Karsten |
| 9 (RLIN) | 57243 |
| 700 1# - ASIENTO SECUNDARIO - NOMBRE PERSONAL | |
| Nombre personal | Bernal, Henry Yesid |
| 9 (RLIN) | 2123 |
| 700 1# - ASIENTO SECUNDARIO - NOMBRE PERSONAL | |
| Nombre personal | Sandoval, Julio César |
| Término de relación | ilustrador |
| 9 (RLIN) | 57244 |
| 942 ## - ELEMENTOS ADICIONALES (KOHA) | |
| Tipo de ítem | Libro |
| Sistema de clasificación | Dewey Decimal Classification |
| Withdrawn status | Lost status | Sistema de Clasificación | Damaged status | No para préstamo | Colección | Inventariado | Ubicación Permanente | Ubicación actual | Fecha de adquisición | Fuente de Valor | Valor | Total Checkouts | Número topográfico | Inventario / Código de Barras | Date last seen | Date checked out | Ejemplar | Price effective from | Forma de adquisición | Tipo de material |
|---|---|---|---|---|---|---|---|---|---|---|---|---|---|---|---|---|---|---|---|---|
| Dewey Decimal Classification | General | Inventariado 2017 | Bogotá | Bogotá | 29/12/1997 | Instituto | 50000.00 | 3 | LB-571.32 J61i | 000404 | 26/02/2019 | 01/02/2019 | Ej. 1 | 04/12/2012 | Libro | |||||
| Dewey Decimal Classification | General | Inventariado 2017 | Sala Fabio Quevedo | Sala Fabio Quevedo | 29/12/1997 | Instituto | 50000.00 | LB-571.32 J61i | 000405 | 04/12/2012 | Ej. 2 | 04/12/2012 | Libro |